000 00173nam a22000857a 4500
082 _a823
100 _aJULER VERNE
245 _aA JOURNEY TO THE CENTRE OF THE EARTH
942 _cBK
999 _c8234
_d8234